| 000 | 00821nam a2200253Ia 4500 | ||
|---|---|---|---|
| 001 | 966 | ||
| 003 | GE_BSU | ||
| 008 | 181216s||||||||xx |||||||||||||| ||und|| | ||
| 020 | _a9785397002387 | ||
| 040 | _cGE_BSU | ||
| 080 | _a510.5(075.3) | ||
| 100 | _aЕмеличев,В.А и др. | ||
| 245 | _aЛекции по теории графов | ||
| 245 | _bУч-ое пособие для студ. по спец."Математика и прикладная математика | ||
| 250 | _a2-е изд-е испр. | ||
| 260 | _a2009 | ||
| 260 | _bКнижный дом "Либроком | ||
| 260 | _c2009 | ||
| 300 | _a392стр. | ||
| 541 | _h15л. | ||
| 653 | _aЛекции по теории графов | ||
| 653 | _aМатематика и прикладная математика | ||
| 942 | _cBK | ||
| 999 |
_c35125 _d35125 |
||